[Event "European Youth Chess Championship B10"]
[Site "Prague, Top Hotel Prague"]
[Date "2016.08.27"]
[Round "9.20"]
[White "Krupa, Miroslav"]
[Black "Merts, Dmitrii"]
[Result "0-1"]
[WhiteElo "1808"]
[BlackElo "1590"]
[PlyCount "64"]
[EventDate "2016.08.18"]

1. e4 c5 2. Nf3 e6 3. d4 cxd4 4. Nxd4 a6 5. Nc3 Qc7 6. Bd3 b5 7. O-O Bb7 8. Bd2
Nf6 9. a3 Be7 10. Kh1 d6 11. f4 Nbd7 12. Qe1 O-O 13. Qg3 Rac8 14. Rae1 Qb8 15.
e5 Nd5 16. Qh3 g6 17. Nxe6 Rfe8 18. Nd4 dxe5 19. Ndxb5 N7f6 20. Nxd5 Nxd5 21.
Nc3 Nxf4 22. Bxf4 exf4 23. Qg4 Bd6 24. Rxe8+ Rxe8 25. Rd1 h5 26. Qd7 f3 27. Bf1
Bxh2 28. Nd5 Bxd5 29. Qxd5 f2 30. Qa5 Bg3 31. b3 Qf4 32. c4 Qh4# 0-1

[Event "European Youth Chess Championship B10"]
[Site "Prague, Top Hotel Prague"]
[Date "2016.08.27"]
[Round "9.21"]
[White "Laux, Dominik"]
[Black "Pasztor, Balazs"]
[Result "0-1"]
[WhiteElo "1659"]
[BlackElo "1825"]
[PlyCount "96"]
[EventDate "2016.08.18"]

1. d4 d5 2. Nc3 Bf5 3. Bf4 e6 4. f3 Bg6 5. g4 Bb4 6. Qd2 Ne7 7. h4 h5 8. g5 c5
9. e3 Nbc6 10. Nh3 Nf5 11. dxc5 e5 12. Bh2 d4 13. exd4 exd4 14. a3 Qe7+ 15. Qe2
Ba5 16. b4 Nxb4 17. axb4 Bxb4 18. Kf2 Bxc3 19. Rd1 Qxe2+ 20. Bxe2 O-O 21. Nf4
Ne3 22. Rb1 Bxc2 23. Rxb7 g6 24. Rc1 Bd2 25. Rxc2 Nxc2 26. Nxg6 Be3+ 27. Kf1
Bxg5 28. hxg5 Ne3+ 29. Kf2 fxg6 30. c6 Rae8 31. Bb5 Ng4+ 32. Kg2 Nxh2 33. Kxh2
Rc8 34. c7 Kg7 35. Bd7 a5 36. Bxc8 Rxc8 37. Ra7 Kf7 38. Rxa5 Rxc7 39. Rd5 Rc2+
40. Kg3 Rd2 41. f4 Rd1 42. Kf3 h4 43. Kg4 d3 44. Kf3 h3 45. Kg3 d2 46. Kh2 Ke6
47. Rd3 Kf5 48. Rxh3 Re1 0-1

[Event "European Youth Chess Championship B10"]
[Site "Prague, Top Hotel Prague"]
[Date "2016.08.27"]
[Round "9.22"]
[White "Han, Yichen"]
[Black "Maurizzi, Marc Andria"]
[Result "0-1"]
[WhiteElo "1627"]
[BlackElo "1824"]
[PlyCount "110"]
[EventDate "2016.08.18"]

 1. e4 c5 2. Nf3 d6 3. d4 cxd4 4. Nxd4 Nf6 5.
Nc3 g6 6. Be3 Bg7 7. f3 O-O 8. Qd2 Nc6 9. Bc4 Bd7 10. O-O-O Rc8 11. Bb3 Nxd4
12. Bxd4 b5 13. a3 a5 14. Kb1 b4 15. axb4 axb4 16. Na2 Ra8 17. Qxb4 Qc7 18. Qc3
Qb7 19. Qb4 Qc8 20. g4 Rb8 21. Qd2 Be6 22. Bxe6 Qxe6 23. h4 Ra8 24. b3 Qc8 25.
Qc3 Qa6 26. Qb2 Rfc8 27. Rd3 Rab8 28. Rhd1 Rb5 29. c4 Rxc4 30. bxc4 Rxb2+ 31.
Bxb2 Qb7 32. Kc2 Qa6 33. Kb3 Nxe4 34. fxe4 Qb7+ 35. Nb4 Bxb2 36. Kxb2 Qxb4+ 37.
Rb3 Qxc4 38. Re3 Qb5+ 39. Rb3 Qe2+ 40. Kc1 Qxg4 41. Rb4 Qxh4 42. Rdd4 Qe1+ 43.
Kc2 h5 44. Rdc4 h4 45. e5 h3 46. Rh4 Qxe5 47. Rb8+ Kg7 48. Rbh8 h2 49. Rxh2 d5
50. R8h7+ Kg8 51. R7h4 g5 52. Rg2 Kg7 53. Rhh2 d4 54. Rd2 g4 55. Rhe2 Qb5 0-1

[Event "European Youth Chess Championship B10"]
[Site "Prague, Top Hotel Prague"]
[Date "2016.08.27"]
[Round "9.23"]
[White "Anghel, Iulian-Mihai"]
[Black "Kirushin, Ivan"]
[Result "1/2-1/2"]
[WhiteElo "1777"]
[BlackElo "1571"]
[PlyCount "98"]
[EventDate "2016.08.18"]

1. d4 d5 2. Nf3 c6 3. c4 e6 4. e3 Bd6 5. Bd3 f5 6. Nc3 Nf6 7. Qc2 Ne4 8. O-O
O-O 9. cxd5 exd5 10. Ne5 Nd7 11. f4 Nxe5 12. fxe5 Bc7 13. Nxe4 fxe4 14. Rxf8+
Qxf8 15. Be2 Be6 16. Bd2 Rc8 17. b4 Qe8 18. Rc1 Bb8 19. Qa4 Bd7 20. Qb3 Be6 21.
Qd1 b6 22. Qa4 Bd7 23. Qb3 Be6 24. Qa3 Qe7 25. Qb2 g6 26. Rc2 Kg7 27. Qc1 Qb7
28. Qa3 Qe7 29. Qc1 Qb7 30. Qf1 Qf7 31. Qc1 Qb7 32. Be1 Qc7 33. Ba6 Rf8 34.
Rxc6 Qf7 35. Be2 Qe7 36. Qd1 Bd7 37. Rc1 Qg5 38. Qd2 Bh3 39. Bg3 Bg4 40. Bf4
Qf5 41. Qd1 Bxe2 42. Qxe2 Rc8 43. Qe1 Qe6 44. Rc3 Kf7 45. Qc1 Rc4 46. a3 b5 47.
Qd2 Bc7 48. Rxc4 bxc4 49. a4 Bd8 1/2-1/2

[Event "European Youth Chess Championship B10"]
[Site "Prague, Top Hotel Prague"]
[Date "2016.08.27"]
[Round "9.24"]
[White "Revaliente, Montoya Ciro"]
[Black "Caputcuoglu, Zeki Berke"]
[Result "1-0"]
[WhiteElo "1768"]
[BlackElo "1569"]
[PlyCount "105"]
[EventDate "2016.08.18"]

1. e4 e5 2. Nf3 Nc6 3. Nc3 Nf6 4. d4 exd4 5. Nxd4 Bb4 6. Nxc6 bxc6 7. Bd3 d5 8.
exd5 cxd5 9. Qe2+ Qe7 10. Qxe7+ Kxe7 11. Bd2 Rd8 12. O-O-O Bb7 13. Rhe1+ Kf8
14. a3 Bc5 15. f3 Re8 16. Na4 Bb6 17. Bb4+ Kg8 18. Nc5 Bxc5 19. Bxc5 Nd7 20.
Rxe8+ Rxe8 21. Bxa7 f6 22. c4 Ne5 23. cxd5 Nxd3+ 24. Rxd3 Re2 25. Bb8 Re7 26.
Kd2 Rd7 27. d6 cxd6 28. Rxd6 Rxd6+ 29. Bxd6 Kf7 30. b4 Ke6 31. Bc5 Kd5 32. Kc3
Bc6 33. Kb3 Bb5 34. a4 Bf1 35. g3 f5 36. Bf8 g5 37. g4 fxg4 38. fxg4 Be2 39.
Bh6 Bxg4 40. Bxg5 Be6 41. b5 Kc5+ 42. Kc3 Bc8 43. Be3+ Kd6 44. Kb4 Kc7 45. a5
Kb8 46. a6 Bd7 47. b6 Bc6 48. Kc5 Bg2 49. Bf4+ Ka8 50. Kd6 Bf3 51. Kc7 h5 52.
b7+ Ka7 53. b8=Q+ 1-0

[Event "European Youth Chess Championship B10"]
[Site "Prague, Top Hotel Prague"]
[Date "2016.08.27"]
[Round "9.25"]
[White "Georgiev, Konstantin"]
[Black "Tobak, Mikhail"]
[Result "0-1"]
[WhiteElo "1760"]
[BlackElo "1315"]
[PlyCount "100"]
[EventDate "2016.08.18"]

1. e4 d5 2. exd5 Qxd5 3. d4 e5 4. dxe5 Qxd1+ 5. Kxd1 Nc6 6. f4 Bg4+ 7. Be2
O-O-O+ 8. Bd2 Bf5 9. g4 Be4 10. Bf3 f5 11. gxf5 Bxf5 12. c3 g5 13. Bxc6 bxc6
14. Ne2 gxf4 15. Nd4 Bg4+ 16. Kc1 f3 17. Rf1 Bg7 18. Bf4 Rf8 19. Bg3 c5 20. Nb3
Bh3 21. Rg1 Bh6+ 22. N1d2 f2 23. Bxf2 Rxf2 24. Kd1 Ne7 25. Ke1 Rhf8 26. Ne4
Rf1+ 27. Ke2 Rxa1 28. Nxa1 Rf5 29. Nb3 Rxe5 30. Nbxc5 Bf5 31. Kf3 Bxe4+ 32.
Nxe4 Ng6 33. Re1 Re7 34. Kg4 Bg7 35. h4 Rf7 36. h5 Ne5+ 37. Kg3 Rf3+ 38. Kg2
Rf5 39. Ng3 Rf8 40. Rf1 Rxf1 41. Kxf1 Kd7 42. Ke2 Ke6 43. Ne4 Kd5 44. Nd2 Nc4
45. Nxc4 Kxc4 46. Kd2 a5 47. b3+ Kb5 48. Kd3 c5 49. a3 c4+ 50. bxc4+ Kc5 0-1

[Event "European Youth Chess Championship B10"]
[Site "Prague, Top Hotel Prague"]
[Date "2016.08.27"]
[Round "9.26"]
[White "Rozen, Eytan"]
[Black "Brass, Ezra"]
[Result "1/2-1/2"]
[WhiteElo "1702"]
[BlackElo "1529"]
[PlyCount "51"]
[EventDate "2016.08.18"]

1. e4 c5 2. c3 d5 3. exd5 Qxd5 4. d4 g6 5. Nf3 Bg7 6. Be3 cxd4 7. cxd4 Nf6 8.
Nc3 Qd8 9. Bc4 O-O 10. O-O e6 11. Rc1 Nc6 12. Qe2 Na5 13. Bd3 b6 14. Ne5 Bb7
15. f3 Nc6 16. Nxc6 Bxc6 17. Ne4 Bb7 18. Nc3 Nd5 19. Nxd5 Bxd5 20. Bc4 Rc8 21.
Rfd1 Qd6 22. b3 Rfd8 23. Qd2 Qd7 24. Qd3 Qd6 25. Ba6 Rxc1 26. Bxc1 1/2-1/2

[Event "European Youth Chess Championship B10"]
[Site "Prague, Top Hotel Prague"]
[Date "2016.08.27"]
[Round "9.27"]
[White "Dias, Savin"]
[Black "Tham, Nam"]
[Result "0-1"]
[WhiteElo "1516"]
[BlackElo "1698"]
[PlyCount "98"]
[EventDate "2016.08.18"]

1. d4 d5 2. c4 e6 3. Nc3 Nf6 4. Nf3 Bb4 5. a3 Bxc3+ 6. bxc3 b6 7. Bf4 Ba6 8. e3
Nc6 9. Qa4 Bb7 10. Ne5 O-O 11. Nxc6 Qd7 12. cxd5 Nxd5 13. Bb5 a6 14. Na7 axb5
15. Qxb5 c6 16. Nxc6 Bxc6 17. Qb2 Nxf4 18. exf4 Qd5 19. f3 b5 20. Kf2 Ra4 21.
Rhe1 Rfa8 22. Re5 Qd6 23. Kf1 Rxa3 24. Rxa3 Rxa3 25. Rc5 Ra8 26. Qc2 Bd5 27.
Qd2 Ra1+ 28. Kf2 Ra2 29. Qxa2 Bxa2 30. Rc8+ Qf8 31. Rxf8+ Kxf8 32. Ke3 Ke7 33.
Ke4 Kd6 34. g4 g6 35. h4 Bb1+ 36. Ke3 f6 37. g5 fxg5 38. fxg5 Kd7 39. f4 Kc6
40. Kd2 Bf5 41. h5 gxh5 42. g6 hxg6 43. d5+ exd5 44. Kc1 h4 45. Kb2 h3 46. Ka3
h2 47. Kb3 h1=Q 48. Ka2 Qb1+ 49. Ka3 Qa1+ 0-1

[Event "European Youth Chess Championship B10"]
[Site "Prague, Top Hotel Prague"]
[Date "2016.08.27"]
[Round "9.28"]
[White "Bobkov, Timofey"]
[Black "Fiszer, Bartosz"]
[Result "1/2-1/2"]
[WhiteElo "1243"]
[BlackElo "1690"]
[PlyCount "75"]
[EventDate "2016.08.18"]

 1. e4 c5 2. Nc3 g6 3. d3 Nc6 4. Nf3 Bg7 5.
Be3 d6 6. h3 Nf6 7. Be2 a6 8. O-O b5 9. Qd2 O-O 10. Bh6 Bd7 11. Bxg7 Kxg7 12.
Nh4 e5 13. f4 b4 14. Nd5 Nxd5 15. exd5 Qxh4 16. dxc6 Bxc6 17. Bf3 Bxf3 18. Rxf3
Rae8 19. f5 f6 20. Kh1 Qd4 21. c3 bxc3 22. bxc3 Qd5 23. c4 Qb7 24. Qd1 Rb8 25.
fxg6 hxg6 26. Rf1 Rh8 27. Kh2 Rhd8 28. Qc2 Qb2 29. Qa4 Qd4 30. Rad1 Rb6 31. Rb1
Rxb1 32. Rxb1 Qxd3 33. Rb7+ Kh6 34. Qxa6 Qd4 35. a4 Qf4+ 36. Kg1 Qc1+ 37. Kh2
Qf4+ 38. Kg1 1/2-1/2

[Event "European Youth Chess Championship B10"]
[Site "Prague, Top Hotel Prague"]
[Date "2016.08.27"]
[Round "9.29"]
[White "Jishkariani, Erekle"]
[Black "Ivanov, Artem"]
[Result "1-0"]
[WhiteElo "1505"]
[BlackElo "1689"]
[PlyCount "71"]
[EventDate "2016.08.18"]

1. c4 c5 2. Nc3 Nc6 3. Nf3 g6 4. e3 Bg7 5. d4 cxd4 6. exd4 d6 7. Be3 e6 8. Be2
Nge7 9. O-O O-O 10. Rc1 d5 11. b3 Nf5 12. cxd5 exd5 13. Bd3 Be6 14. Bxf5 Bxf5
15. a3 Be4 16. Re1 h6 17. Nd2 f5 18. Ndxe4 fxe4 19. b4 a6 20. Ne2 Qd6 21. Qd2
g5 22. Ng3 Qg6 23. a4 a5 24. bxa5 Rxa5 25. Rxc6 Qxc6 26. Qxa5 Qc4 27. Rc1 Qa2
28. h3 Kh8 29. Nh5 Rf7 30. Rc8+ Kh7 31. Nxg7 Rxg7 32. Qd8 Qb1+ 33. Kh2 Qb3 34.
Qh8+ Kg6 35. h4 h5 36. Bxg5 1-0

[Event "European Youth Chess Championship B10"]
[Site "Prague, Top Hotel Prague"]
[Date "2016.08.27"]
[Round "9.30"]
[White "Dudarev, Vladislav"]
[Black "Pistalovic, Slobodan"]
[Result "1-0"]
[WhiteElo "1821"]
[BlackElo "1458"]
[PlyCount "81"]
[EventDate "2016.08.18"]

1. Nf3 c6 2. c4 d5 3. d4 Nf6 4. Nc3 e6 5. Bg5 Be7 6. Bxf6 Bxf6 7. e4 dxc4 8.
Bxc4 Qb6 9. Qd2 O-O 10. O-O Rd8 11. Rad1 e5 12. d5 c5 13. Ne1 Be7 14. Nd3 Bd6
15. f4 f6 16. f5 Kh8 17. Qf2 Nd7 18. Qh4 a6 19. Rf3 Qa7 20. Rh3 Nf8 21. a4 Rb8
22. Kh1 Bd7 23. a5 Bb5 24. Bxb5 axb5 25. Nf2 Qxa5 26. Ng4 Qc7 27. Nxb5 Qe7 28.
Nxd6 Rxd6 29. Ra1 b5 30. Rha3 Rdb6 31. Ra7 R6b7 32. R7a6 Rb6 33. Rxb6 Rxb6 34.
Ra8 c4 35. Nxe5 Kg8 36. Ng6 Qd6 37. Rxf8+ Qxf8 38. Nxf8 Kxf8 39. Qxh7 b4 40.
Qh8+ Kf7 41. Qd8 1-0

[Event "European Youth Chess Championship B10"]
[Site "Prague, Top Hotel Prague"]
[Date "2016.08.27"]
[Round "9.31"]
[White "Pilar, Vit"]
[Black "Eilenberg, Jonas"]
[Result "1/2-1/2"]
[WhiteElo "1453"]
[BlackElo "1634"]
[PlyCount "125"]
[EventDate "2016.08.18"]

 1. d4 d5 2. c4 e6 3. Nc3 c6 4. cxd5 exd5 5.
Nf3 Bd6 6. Bg5 f6 7. Bd2 Ne7 8. h3 O-O 9. e3 Bf5 10. Be2 Nd7 11. O-O Re8 12.
Qb3 a5 13. Nh4 Nb6 14. Nxf5 Nxf5 15. Bd3 Ne7 16. Qc2 g6 17. e4 Rc8 18. h4 Qd7
19. h5 Qg4 20. hxg6 hxg6 21. Qb3 Kg7 22. Qxb6 Rh8 23. f3 Qg3 24. e5 Rh2 25. Rf2
Rh1+ 26. Kxh1 Qxf2 27. Bh6+ Kxh6 28. Rf1 Qe3 29. exd6 Rh8 30. g4 Qxd3 31. Kg2
Kg5 32. Rf2 Nc8 33. Qc5 b6 34. Qxc6 Qxd4 35. Qxd5+ Qxd5 36. Nxd5 Nxd6 37. Nxb6
f5 38. Rd2 Nf7 39. gxf5 gxf5 40. Rd7 Ne5 41. Rd5 Kf4 42. Rxa5 Rb8 43. Nd5+ Kg5
44. Kg3 Nd3 45. f4+ Kh6 46. b3 Rg8+ 47. Kf3 Ne1+ 48. Ke2 Re8+ 49. Kf1 Nd3 50.
Ra6+ Kg7 51. Ra7+ Kg6 52. Ne7+ Kf6 53. Nd5+ Kg6 54. a4 Rb8 55. Ra6+ Kg7 56. Ne3
Rxb3 57. Nxf5+ Kh7 58. Rh6+ Kg8 59. Rh4 Ra3 60. Nh6+ Kf8 61. Ke2 Nc5 62. Rh5
Nxa4 63. Rf5+ 1/2-1/2

[Event "European Youth Chess Championship B10"]
[Site "Prague, Top Hotel Prague"]
[Date "2016.08.27"]
[Round "9.32"]
[White "Akin, Yagiz Cinar"]
[Black "Christodoulou, Panormitis"]
[Result "1/2-1/2"]
[WhiteElo "1607"]
[BlackElo "1448"]
[PlyCount "82"]
[EventDate "2016.08.18"]

1. e4 e6 2. d4 d5 3. Nd2 Nf6 4. e5 Nfd7 5. Bd3 c5 6. c3 Nc6 7. Ne2 cxd4 8. cxd4
f6 9. exf6 Nxf6 10. O-O Bd6 11. Nf3 Qc7 12. h3 O-O 13. Nc3 a6 14. Bg5 h6 15.
Be3 e5 16. dxe5 Nxe5 17. Rc1 Qb8 18. Nxe5 Bxe5 19. Nxd5 Nxd5 20. Bc4 Bxb2 21.
Qxd5+ Kh8 22. Rb1 Bf6 23. Bc5 Rd8 24. Qe4 Qe5 25. Qxe5 Bxe5 26. Rfe1 Bf6 27.
Be7 Bxe7 28. Rxe7 b5 29. Bb3 Bf5 30. Rbe1 Bg6 31. R1e6 Re8 32. Kh2 Rxe7 33.
Rxe7 Rf8 34. Kg3 Kh7 35. Ra7 Rf6 36. Ra8 Be4 37. Rc8 Bc6 38. Rc7 h5 39. Bc2+
Kh6 40. Re7 g6 41. a3 Rd6 1/2-1/2

[Event "European Youth Chess Championship B10"]
[Site "Prague, Top Hotel Prague"]
[Date "2016.08.27"]
[Round "9.33"]
[White "Pedmanson, Albert"]
[Black "Korsinskij, Nikolas"]
[Result "1-0"]
[WhiteElo "1602"]
[BlackElo "1442"]
[PlyCount "41"]
[EventDate "2016.08.18"]

1. e4 c5 2. Nc3 e6 3. f4 a6 4. Nf3 Nc6 5. Bc4 b5 6. Be2 Bb7 7. O-O Nge7 8. d4
cxd4 9. Nxd4 g6 10. Bf3 Bg7 11. e5 Qb6 12. Be3 Qc7 13. Ne4 Nd5 14. Nd6+ Ke7 15.
Bxd5 exd5 16. Nxc6+ Bxc6 17. Bc5 Qb8 18. Qe1 Kf8 19. Nf5+ Ke8 20. Qh4 Bf8 21.
Ng7+ 1-0

[Event "European Youth Chess Championship B10"]
[Site "Prague, Top Hotel Prague"]
[Date "2016.08.27"]
[Round "9.34"]
[White "Hlavina, Matous"]
[Black "Kienboeck, Benjamin"]
[Result "1-0"]
[WhiteElo "1586"]
[BlackElo "1434"]
[PlyCount "77"]
[EventDate "2016.08.18"]

1. e4 e5 2. Nc3 Nf6 3. f4 d5 4. fxe5 Nxe4 5. Nf3 Bc5 6. d4 Bb4 7. Bd2 c5 8. Qe2
cxd4 9. Nxe4 dxe4 10. Qxe4 Bxd2+ 11. Nxd2 Nc6 12. Bb5 Bd7 13. O-O-O Qb6 14. Nc4
Qc7 15. Nd6+ Kf8 16. Bc4 Be6 17. Bxe6 fxe6 18. Rhf1+ Kg8 19. Qg4 Nd8 20. Rxd4
Qe7 21. Rdf4 h5 22. Qg3 Rh6 23. Kb1 a5 24. h4 a4 25. a3 b6 26. Qf3 Ra7 27. Qf2
Ra6 28. Rf8+ Kh7 29. Re8 Qd7 30. Qf8 Ra7 31. Rxd8 Qc6 32. Qg8+ Kg6 33. Qxe6+
Kh7 34. Qf5+ Rg6 35. Qxh5+ Rh6 36. Qf5+ Rg6 37. h5 Qxg2 38. hxg6+ Qxg6 39. Rh1#
1-0

[Event "European Youth Chess Championship B10"]
[Site "Prague, Top Hotel Prague"]
[Date "2016.08.27"]
[Round "9.35"]
[White "Unguroiu, Razvan-Marius"]
[Black "Gherghinoiu, Lucas"]
[Result "1/2-1/2"]
[WhiteElo "1450"]
[BlackElo "1573"]
[PlyCount "77"]
[EventDate "2016.08.18"]

1. c4 e6 2. d4 d5 3. Nc3 Nf6 4. Bg5 Be7 5. Nf3 O-O 6. e3 h6 7. Bh4 b6 8. cxd5
Nxd5 9. Nxd5 exd5 10. Bxe7 Qxe7 11. Be2 Be6 12. O-O c5 13. Rc1 c4 14. Nd2 f5
15. Bf3 b5 16. b3 Nd7 17. bxc4 bxc4 18. g3 Rac8 19. Nb1 Rc7 20. Nc3 Nf6 21. Bg2
Bf7 22. Qf3 g6 23. Qf4 Kh7 24. Qe5 Qxe5 25. dxe5 Ne4 26. Rfd1 Nxc3 27. Rxc3 Rd8
28. f4 Rcd7 29. Rd4 Be6 30. Kf2 Rb8 31. Rd2 Rb1 32. Bf3 Kg7 33. h4 Kf8 34. Kg2
h5 35. Kf2 Ke7 36. Kg2 Kd8 37. Kf2 Kc7 38. Kg2 Kb6 39. Bd1 1/2-1/2

[Event "European Youth Chess Championship B10"]
[Site "Prague, Top Hotel Prague"]
[Date "2016.08.27"]
[Round "9.36"]
[White "Yudin, Mikhail"]
[Black "Bogusz, Alan"]
[Result "0-1"]
[WhiteElo "1530"]
[BlackElo "1428"]
[PlyCount "138"]
[EventDate "2016.08.18"]

1. e4 c5 2. Nf3 d6 3. d4 cxd4 4. Nxd4 Nf6 5. Nc3 a6 6. Be2 e5 7. Nf3 Be7 8. Bg5
Be6 9. a4 Qc7 10. h3 Nbd7 11. O-O O-O 12. Be3 Rfd8 13. a5 Nc5 14. b4 Ncd7 15.
Nd5 Bxd5 16. exd5 Rdc8 17. c4 Qd8 18. Nh2 Ne4 19. Bd3 f5 20. Qb1 Nef6 21. Qb3
e4 22. Be2 Ne5 23. Bf4 Nfd7 24. f3 exf3 25. Nxf3 Nxf3+ 26. Bxf3 g5 27. Be3 Bf6
28. Rac1 Ne5 29. Bb6 Qd7 30. Be2 Bd8 31. Bd4 Bf6 32. Ba1 Bg7 33. Bd3 f4 34. Qb1
h6 35. Bf5 Qd8 36. Bxc8 Rxc8 37. Bxe5 Bxe5 38. Qe4 Qf6 39. Rfe1 Bd4+ 40. Kh1
Be3 41. Rc2 Kg7 42. Qd3 g4 43. Qe2 h5 44. Rf1 Rf8 45. Qd1 Qf5 46. Re2 Qc8 47.
Rc2 Rf7 48. Qa1+ Kg8 49. Qd1 Rg7 50. Qe1 Rg5 51. Qh4 Qf5 52. Re2 Qg6 53. Qe1
gxh3 54. gxh3 Rg3 55. Kh2 Qf5 56. Qxg3+ fxg3+ 57. Kg2 Qe4+ 58. Rf3 h4 59. Rexe3
Qc2+ 60. Kf1 Qd1+ 61. Kg2 Qd2+ 62. Kf1 Qh2 63. Re8+ Kg7 64. Re7+ Kg6 65. Re6+
Kg5 66. Ref6 g2+ 67. Ke2 g1=Q+ 68. Kd3 Qb1+ 69. Kc3 Qhb2# 0-1

[Event "European Youth Chess Championship B10"]
[Site "Prague, Top Hotel Prague"]
[Date "2016.08.27"]
[Round "9.37"]
[White "Graf, Simon"]
[Black "Foughali, Younes"]
[Result "0-1"]
[WhiteElo "1527"]
[BlackElo "1359"]
[PlyCount "65"]
[EventDate "2016.08.18"]

1. e4 c5 2. Nf3 e6 3. d4 cxd4 4. Nxd4 Nf6 5. Nc3 Nc6 6. Nxc6 bxc6 7. e5 Nd5 8.
Ne4 Qc7 9. f4 Qb6 10. c4 Bb4+ 11. Ke2 f5 12. exf6 Nxf6 13. Nxf6+ gxf6 14. Be3
Bc5 15. Bxc5 Qxc5 16. Qd3 Ba6 17. b3 d5 18. Kf3 e5 19. Qe3 d4 20. Qe4 Bb7 21.
Re1 Kd8 22. fxe5 fxe5 23. Qxe5 Rf8+ 24. Kg3 Rg8+ 25. Kh4 Qf8 26. Qxd4+ Kc8 27.
g4 c5 28. Qe5 Bxh1 29. Bh3 Bc6 30. Qe6+ Kb7 31. Qe7+ Kb6 32. a4 a5 33. Re5 0-1

[Event "European Youth Chess Championship B10"]
[Site "Prague, Top Hotel Prague"]
[Date "2016.08.27"]
[Round "9.38"]
[White "Damjanovic, Vuk"]
[Black "Vojic, Isak"]
[Result "1-0"]
[WhiteElo "1412"]
[BlackElo "1519"]
[PlyCount "53"]
[EventDate "2016.08.18"]

1. d4 d5 2. c4 e6 3. Nf3 c5 4. cxd5 exd5 5. Bg5 Be7 6. Bxe7 Nxe7 7. dxc5 Qa5+
8. Nc3 Qxc5 9. e3 Nbc6 10. Be2 Be6 11. O-O O-O 12. Rc1 Qd6 13. a3 Rfd8 14. Nb5
Qd7 15. Nbd4 Nf5 16. Nxc6 bxc6 17. Ne5 Qd6 18. Nxc6 Rdc8 19. Nd4 Rxc1 20. Qxc1
Nxd4 21. exd4 Rc8 22. Qd2 Qc7 23. Ba6 Rb8 24. b4 Rb6 25. b5 Bd7 26. Rc1 Qd6 27.
Rc5 1-0

[Event "European Youth Chess Championship B10"]
[Site "Prague, Top Hotel Prague"]
[Date "2016.08.27"]
[Round "9.41"]
[White "Kanli, Alperen"]
[Black "Scurtu, Alexandr"]
[Result "1/2-1/2"]
[WhiteElo "1470"]
[BlackElo "1335"]
[PlyCount "46"]
[EventDate "2016.08.18"]

1. e4 e5 2. Nf3 Nc6 3. Bc4 Bc5 4. Nc3 Nf6 5. d3 d6 6. h3 Be6 7. Be3 Bb6 8. Bb3
Qe7 9. Qe2 h6 10. O-O-O Bxb3 11. axb3 O-O-O 12. Bxb6 axb6 13. Rhe1 Rhe8 14. Nd5
Nxd5 15. exd5 Nb8 16. Qe4 Qd7 17. Re2 f5 18. Qa4 Qxa4 19. bxa4 g5 20. Rde1 Nd7
21. Nd4 Nf6 22. Nxf5 Nxd5 23. g3 Re6 1/2-1/2

[Event "European Youth Chess Championship B10"]
[Site "Prague, Top Hotel Prague"]
[Date "2016.08.27"]
[Round "9.45"]
[White "Stefanou, Dimitrios"]
[Black "Werner, Hong Quan Dan"]
[Result "1-0"]
[WhiteElo "1439"]
[BlackElo "1586"]
[PlyCount "69"]
[EventDate "2016.08.18"]

1. d4 d5 2. Nf3 Nf6 3. c4 e6 4. Bg5 Be7 5. Nc3 h6 6. Bh4 Nc6 7. e3 b6 8. cxd5
exd5 9. Bb5 Bd7 10. Bxf6 Bxf6 11. Nxd5 a6 12. Nxf6+ Qxf6 13. Ba4 O-O 14. O-O b5
15. Bb3 Qg6 16. Kh1 Rad8 17. Bc2 Qf6 18. Nd2 Ne7 19. Ne4 Qc6 20. Nc5 Bh3 21.
Be4 Bxg2+ 22. Bxg2 Qb6 23. Rg1 Nd5 24. Qg4 Nf6 25. Qg3 Nh5 26. Qh3 Nf6 27. Bf3
Rd6 28. Rg2 Kh8 29. Rag1 Rg8 30. Rxg7 Ng4 31. Rxg8+ Kxg8 32. Qxg4+ Rg6 33. Qc8+
Kg7 34. Rxg6+ Qxg6 35. Qg4 1-0

[Event "European Youth Chess Championship B10"]
[Site "Prague, Top Hotel Prague"]
[Date "2016.08.27"]
[Round "9.46"]
[White "Yudin, Yakov"]
[Black "Stevanovic, Jovan"]
[Result "1-0"]
[WhiteElo "1407"]
[BlackElo "1584"]
[PlyCount "49"]
[EventDate "2016.08.18"]

1. e4 e5 2. Nf3 Nc6 3. d4 exd4 4. Nxd4 Bc5 5. Nb3 Bb6 6. Nc3 Nge7 7. Qe2 O-O 8.
Be3 d6 9. O-O-O f5 10. f4 fxe4 11. g3 Bxe3+ 12. Qxe3 Bg4 13. Be2 Bxe2 14. Qxe2
Ng6 15. Qxe4 Qf6 16. Nd5 Qf7 17. h4 Rfe8 18. Qg2 Nf8 19. g4 Nd8 20. Rdf1 c6 21.
Nc3 Nde6 22. f5 Nc7 23. g5 Qh5 24. f6 gxf6 25. gxf6+ 1-0

[Event "European Youth Chess Championship B10"]
[Site "Prague, Top Hotel Prague"]
[Date "2016.08.27"]
[Round "9.47"]
[White "Juchelka, Marek"]
[Black "Aliyev, Farid"]
[Result "1-0"]
[WhiteElo "1362"]
[BlackElo "1482"]
[PlyCount "127"]
[EventDate "2016.08.18"]

1. e4 e6 2. d4 d5 3. exd5 exd5 4. Nc3 Nf6 5. Nf3 Bd6 6. Bg5 c6 7. Be2 O-O 8.
O-O h6 9. Bh4 Bf5 10. Ne5 Be7 11. Bd3 Bh7 12. Bxf6 Bxf6 13. Bxh7+ Kxh7 14. Qd3+
Kg8 15. Rfe1 Qc8 16. Qg3 Nd7 17. Ng4 Kh8 18. Nxf6 Nxf6 19. Re7 g6 20. Qe3 Kg7
21. Re1 Re8 22. Qf4 Qd8 23. Rxe8 Nxe8 24. Qe5+ Qf6 25. Qe7 Nd6 26. Qxf6+ Kxf6
27. b3 Re8 28. Rxe8 Nxe8 29. Kf1 Nd6 30. Ke2 Nf5 31. Kd3 Nd6 32. Na4 Ne4 33. f3
Nd6 34. Nc5 b6 35. Na4 Nf5 36. g3 Kg5 37. Nb2 h5 38. Nd1 h4 39. g4 Nd6 40. Ke3
f5 41. Nf2 fxg4 42. fxg4 Ne4 43. Nxe4+ dxe4 44. h3 Kf6 45. Kxe4 Ke6 46. c4 c5
47. a3 a5 48. d5+ Kf6 49. Kf4 g5+ 50. Ke4 Ke7 51. Kf5 Kd6 52. Kxg5 b5 53. a4 b4
54. Kf6 Kd7 55. Kf7 Kd6 56. g5 Ke5 57. g6 Kd4 58. g7 Kc3 59. g8=Q Kxb3 60. Qg4
Kxa4 61. Qd1+ b3 62. Qd2 Ka3 63. Qxa5+ Kb2 64. Qxc5 1-0

[Event "European Youth Chess Championship B10"]
[Site "Prague, Top Hotel Prague"]
[Date "2016.08.27"]
[Round "9.48"]
[White "Sorensen, Marius Boss"]
[Black "Goncharenko, Oleksii"]
[Result "1/2-1/2"]
[WhiteElo "1447"]
[BlackElo "1418"]
[PlyCount "64"]
[EventDate "2016.08.18"]

1. e4 c6 2. Nc3 d5 3. Nf3 Bg4 4. h3 Bxf3 5. Qxf3 e6 6. exd5 cxd5 7. Bb5+ Nd7 8.
O-O Ngf6 9. d4 Bd6 10. Bg5 Be7 11. Rfe1 O-O 12. Re3 a6 13. Bd3 h6 14. Bh4 Nh7
15. Bxe7 Qxe7 16. Ne2 Qf6 17. c3 Qxf3 18. Rxf3 Kh8 19. Ng3 Rab8 20. a4 b5 21.
axb5 axb5 22. Ne2 b4 23. Ra2 bxc3 24. bxc3 Ra8 25. Rb2 Rfb8 26. Rxb8+ Rxb8 27.
g4 Nhf6 28. Rg3 Nb6 29. f4 Nc4 30. f5 Nd2 31. fxe6 fxe6 32. Re3 Nfe4 1/2-1/2

[Event "European Youth Chess Championship B10"]
[Site "Prague, Top Hotel Prague"]
[Date "2016.08.27"]
[Round "9.51"]
[White "Sultanahmedov, Bulat"]
[Black "Fatalizade, Murad"]
[Result "0-1"]
[WhiteElo "1356"]
[BlackElo "1440"]
[PlyCount "78"]
[EventDate "2016.08.18"]

 1. e4 c5 2. Nc3 a6 3. f4 Nc6 4. Nf3 g6 5. d3
Bg7 6. g3 d6 7. Bg2 e6 8. O-O Nge7 9. Ne2 O-O 10. g4 f5 11. exf5 exf5 12. g5
Rb8 13. Ng3 Nd4 14. h4 Nxf3+ 15. Qxf3 b5 16. h5 Bb7 17. Qe2 Bxg2 18. Qxg2 Bd4+
19. Kh2 Qd7 20. Rb1 d5 21. Bd2 Bg7 22. Rfe1 d4 23. Kg1 Rfe8 24. h6 Bh8 25. Ne2
Nd5 26. Ng3 Kf7 27. Nf1 Rxe1 28. Rxe1 Re8 29. Rxe8 Kxe8 30. Nh2 Kf7 31. Kf2 Qe6
32. Qf1 Nb6 33. Qh1 Qd5 34. Qxd5+ Nxd5 35. Nf3 c4 36. a3 c3 37. bxc3 dxc3 38.
Be3 a5 39. Kg3 Nxe3 0-1